000 00688nam a2200169 a 4500
001 000035254
005 20240411202003.0
008 111026s1985 ag 000 0 spa d
040 _aDO-SdBNP
_bspa
_cBNPHU
245 0 0 _aDeclaración universal de derechos humanos /
_cprecedida de un estudio sobre sus antecedentes, sus principios y su inserción en el mundo contemporáneo, por el profesor Cristóbal R. Garro.
260 _a[Buenos Aires] :
_b[Ediciones DePalma],
_c[1985?].
300 _a78 p. ;
_c17 cm.
500 _aDatos del pie de imprenta tomados de Internet.
650 2 0 _aDerechos humanos
_9658
700 1 _aGarro, Cristóbal Ricardo
_961008
711 2 _aNaciones Unidas
_961009
999 _c34745
_d34745